|
|
|
|
| LEADER |
01038nam a22002537a 4500 |
| 001 |
41049 |
| 003 |
BD-DhAAL |
| 008 |
230404t2021 bg a|||| |||| 00| 0 ben d |
| 020 |
|
|
|a 9789849579519
|
| 040 |
|
|
|a BD-DhAAL
|c BD-DhAAL
|
| 041 |
|
|
|a ben
|
| 082 |
|
|
|a 954.9205092
|2 23
|
| 100 |
|
|
|a নবী, নূরুন
|9 54000
|
| 245 |
|
|
|a অন্তরঙ্গ জানালায় বঙ্গবন্ধু /
|c নূরুন নবী.
|
| 246 |
|
|
|a Antoranga janalaya Bangabandhu
|
| 260 |
|
|
|a ঢাকা :
|b অনন্যা,
|c ২০২১.
|
| 300 |
|
|
|a ১৯০ পৃষ্ঠা ;
|c ২২ সে.মি.
|
| 541 |
|
|
|a Complimentary copy
|e 41049
|
| 600 |
|
|
|a Mujibur Rahman,
|c Sheikh,
|d 1920-1975.
|
| 651 |
|
|
|a Bangladesh
|x Politics and government.
|
| 852 |
|
|
|a Ayesha Abed Library
|c Bangabandhu Corner
|
| 942 |
|
|
|2 ddc
|c BK
|
| 999 |
|
|
|c 45649
|d 45649
|
| 952 |
|
|
|0 0
|1 0
|2 ddc
|4 0
|6 954_920509200000000_NAB
|7 0
|9 73504
|a BRACUL
|b BRACUL
|c BNC
|d 2023-04-04
|e Complimentary copy
|g 400.00
|l 0
|o 954.9205092 NAB
|p 3010041049
|r 2023-04-04
|t 1
|w 2023-04-04
|y BK
|